| 000 | 00934nam a22002177a 4500 | ||
|---|---|---|---|
| 999 |
_c19917 _d19917 |
||
| 003 | AR-CdUCM | ||
| 008 | 190523b ||||| |||| 00| 0 spa d | ||
| 040 |
_aMUNICIPALIDAD PROVINCIAL DEL CUSCO _cBIBLIOTECA MUNICIPAL DEL CUSCO |
||
| 082 |
_a618 / _bN56 |
||
| 100 |
_aNikolaiev, Anatolio P. _941630 |
||
| 245 |
_aEL parto sin dolor : _bteoría y practica sobre el método psicoprofilactico y otros métodos de anestesia / |
||
| 260 |
_aBuenos Aires : _bCartago, _c1957. |
||
| 300 |
_a229 páginas ; _c24 cm. |
||
| 505 | _aContenido: Fisiología del dolor del parto -- Principios básicos del sistema soviético de anestesia del parto -- Bases fisiológicas y principios de la psicoprofilaxis del dolor del parto... | ||
| 650 |
_aMaternidad _928671 |
||
| 650 |
_aFisiología _94959 |
||
| 650 |
_aDolor de parto _941631 |
||
| 700 |
_aItzigsohn, Paulina W. de (traducción) _941632 |
||
| 942 |
_2ddc _cLIBROS |
||
| 945 |
_adavv _d2019-05-23 |
||